Me Kasa Aahe ? Me Kasa Hawa? (Marathi) (Record no. 53381)
[ view plain ]
| 000 -LEADER | |
|---|---|
| fixed length control field | 00389nam a2200133Ia 4500 |
| 008 - FIXED-LENGTH DATA ELEMENTS--GENERAL INFORMATION | |
| fixed length control field | 220610s9999 xx 000 0 und d |
| 082 ## - DEWEY DECIMAL CLASSIFICATION NUMBER | |
| Classification number | 891.4 |
| Item number | WAY |
| 100 ## - MAIN ENTRY--PERSONAL NAME | |
| Personal name | Wayghralkar Gopalkrushn |
| 9 (RLIN) | 129264 |
| 245 ## - TITLE STATEMENT | |
| Title | Me Kasa Aahe ? Me Kasa Hawa? (Marathi) |
| 260 ## - PUBLICATION, DISTRIBUTION, ETC. (IMPRINT) | |
| Place of publication, distribution, etc. | Nagpur |
| Name of publisher, distributor, etc. | Rucha Prakashan |
| Date of publication, distribution, etc. | 2015 |
| 300 ## - PHYSICAL DESCRIPTION | |
| Extent | 144 P |
| Other physical details | PB |
| 500 ## - GENERAL NOTE | |
| Keywords | "Doneted by Dr. Shailesh Pitale, Nagpur" |
| 906 ## - LOCAL DATA ELEMENT F, LDF (RLIN) | |
| a | 0 |
| b | GB |
| Withdrawn status | Lost status | Damaged status | Not for loan | Home library | Current library | Date acquired | Vendor | Cost, normal purchase price | Total Checkouts | Full call number | Barcode | Date last seen | Cost, replacement price | Bill Date | Koha item type | Original Barcode |
|---|---|---|---|---|---|---|---|---|---|---|---|---|---|---|---|---|
| Cummins College of Engineering for Women Nagpur | Cummins College of Engineering for Women Nagpur | 15/10/2018 | Donar | 150.00 | 891.40/WAY/ | CEWN-DB-242 | 10/06/2022 | 150.00 | 10/06/2022 | Donated Book | D00242 |